000 01514nam a2200313 4500
005 20240530110340.0
008 141109s2011 le gr 001 0 ara d
020 _a9789953824567
040 _aEG-CaGPL
082 0 4 _221
_a324.256\
_bب م
245 1 _aمفهوم الاحزاب الديمقراطية وواقع الاحزاب فى البلدان العربية /
_cبوحنية قوى ... [ واخ . ] ؛ تنسيق وتحرير على خليفة الكوارى ، عاطف السعداوى
250 _aط 1
260 _aبيروت :
_bمركز دراسات الوحدة العربية ،
_c2011
300 _a431 ص ؛
_c24 سم
650 0 4 _aالاحزاب السياسية
_zالبلدان العربية
650 0 4 _aالاحزاب السياسية
_zمصر
650 0 4 _aالاحزاب السياسية
_zاليمن
650 0 4 _aالاحزاب السياسية
_zالجزائر
650 0 4 _aالاحزاب السياسية
_zالمغرب
650 0 4 _aالديمقراطية
_zالبلدان العربية
700 0 _aعبدالرازق التكريتى
_eمؤلف مشارك
700 0 _aعمرو الشوبكى
_eمؤلف مشارك
700 0 _aعاطف السعداوى
_eمؤلف مشارك
700 0 _aعلى خليفة الكوارى
_eمنسق ومحرر
700 0 _aبوحنية قوى
_eمؤلف مشارك
700 0 _aعاطف السعداوى
_eمنسق ومحرر
942 _2ddc
_cBK
999 _c59869
_d59869